000 00328nam a22001457a 4500
003 SGT
020 _a9798126002972
082 _a923.154
_bJ10G
100 _aGOPAL, SARVAPALLI
245 _aJAWAHARLAL NEHRU
260 _aINDIA
_bSAHITYA AKADEMI
_c2010
300 _a470
650 _aPRIME MINISTER OF INDIA
942 _2ddc
_cBK
999 _c25859
_d25859